[Event "Men Ch GroupA r_6"]
[Site "Albena BUL"]
[Date "2010.06.01"]
[Round "6.3"]
[White "Mrdja, Milan"]
[Black "Kolev, Atanas"]
[Result "1/2-1/2"]
[WhiteElo "2383"]
[BlackElo "2580"]
[PlyCount "73"]
[EventDate "2010.05.27"]
[EventRounds "7"]
[EventCountry "BUL"]

1. e4 c5 2. Nf3 d6 3. Bb5+ Nd7 4. O-O Ngf6 5. Re1 a6 6. Bf1 b6 7. c4 Bb7 8. Nc3
e6 9. d4 cxd4 10. Nxd4 Be7 11. f4 Qc7 12. g4 h6 13. f5 e5 14. Nc2 Rc8 15. a4
Nc5 16. Qf3 Nb3 17. Rb1 Nxc1 18. Rbxc1 Nd7 19. Ne3 Bg5 20. Rcd1 Nf6 21. Ned5
Qc5+ 22. Kh1 Bxd5 23. Nxd5 Nxd5 24. Rxd5 Qb4 25. Qc3 Qxc3 26. bxc3 Rc6 27. Be2
Ke7 28. Kg2 g6 29. h3 h5 30. fxg6 fxg6 31. gxh5 gxh5 32. Kh1 Be3 33. Rd3 Bf4
34. Rdd1 b5 35. axb5 axb5 36. Rg1 Rh7 37. Rb1 1/2-1/2

[Event "Men Ch GroupA r_6"]
[Site "Albena BUL"]
[Date "2010.06.01"]
[Round "6.3"]
[White "Rusev, Krasimir"]
[Black "Dobrev, Nanko"]
[Result "1/2-1/2"]
[WhiteElo "2553"]
[BlackElo "2396"]
[PlyCount "63"]
[EventDate "2010.05.27"]
[EventRounds "7"]
[EventCountry "BUL"]

1. d4 d5 2. c4 e6 3. Nc3 Be7 4. Nf3 Nf6 5. Bf4 O-O 6. e3 b6 7. Rc1 Bb7 8. cxd5
Nxd5 9. Nxd5 Qxd5 10. a3 Bd6 11. Bg3 Nd7 12. Qa4 Rfd8 13. Bb5 Bxg3 14. hxg3 c5
15. Bxd7 Qxd7 16. Qxd7 Rxd7 17. dxc5 Rc8 18. Rh4 Rdc7 19. b4 Bd5 20. Rd4 f5 21.
Rd3 bxc5 22. Rdc3 c4 23. Ne5 g5 24. f3 Rb7 25. Kd2 a5 26. bxa5 Rd8 27. Ke2 Rb3
28. a6 Ra8 29. Nxc4 Bxc4+ 30. Rxc4 Rxa6 31. a4 Rb2+ 32. R1c2 1/2-1/2

[Event "Men Ch GroupA r_6"]
[Site "Albena BUL"]
[Date "2010.06.01"]
[Round "6.3"]
[White "Milchev, Nikolay"]
[Black "Enchev, Ivajlo"]
[Result "1/2-1/2"]
[WhiteElo "2354"]
[BlackElo "2429"]
[PlyCount "73"]
[EventDate "2010.05.27"]
[EventRounds "7"]
[EventCountry "BUL"]

1. d4 Nf6 2. Nf3 e6 3. g3 b5 4. Bg2 Bb7 5. O-O c5 6. a4 b4 7. c3 Nc6 8. Nbd2 d5
9. cxb4 Nxb4 10. a5 Rc8 11. a6 Ba8 12. Ne5 cxd4 13. Qa4+ Bc6 14. Nxc6 Nxc6 15.
Nb3 Qb6 16. Rd1 Be7 17. Nxd4 O-O 18. Nb3 Ng4 19. Qxg4 Qxb3 20. Qa4 Qb6 21. Be3
Bc5 22. Bxc5 Qxc5 23. e4 d4 24. e5 Nb4 25. Bb7 Rc7 26. Kg2 d3 27. Rac1 Nc2 28.
Kg1 Qxe5 29. Rxd3 Nb4 30. Rdc3 Rxc3 31. Rxc3 Nd5 32. Bxd5 exd5 33. Qd1 Qd6 34.
Rd3 Rd8 35. Rd4 Qxa6 36. Rxd5 Rxd5 37. Qxd5 1/2-1/2

[Event "Men Ch GroupA r_6"]
[Site "Albena BUL"]
[Date "2010.06.01"]
[Round "6.4"]
[White "Ninov, Nikolai"]
[Black "Simeonov, Stefan"]
[Result "1/2-1/2"]
[WhiteElo "2524"]
[BlackElo "2373"]
[PlyCount "60"]
[EventDate "2010.05.27"]
[EventRounds "7"]
[EventCountry "BUL"]

1. e4 c5 2. Nf3 d6 3. d4 cxd4 4. Nxd4 Nf6 5. Nc3 a6 6. Be2 e5 7. Nb3 Be6 8. f4
exf4 9. Bxf4 Nc6 10. O-O Be7 11. Qe1 O-O 12. Rd1 Qc7 13. Nd5 Bxd5 14. exd5 Ne5
15. c4 Nfd7 16. Nd4 g6 17. a4 Rac8 18. b3 Qd8 19. Qd2 Re8 20. h3 Bf6 21. Rc1
Nc5 22. Kh2 Ned3 23. Bxd3 Bxd4 24. Bc2 Be5 25. a5 Nd7 26. Bb1 Qg5 27. g3 Bxf4
28. gxf4 Qh4 29. Rce1 Nf6 30. Rxe8+ Rxe8 1/2-1/2

[Event "Men Ch GroupA r_6"]
[Site "Albena BUL"]
[Date "2010.06.01"]
[Round "6.4"]
[White "Lalev, Dimitar"]
[Black "Popchev, Milko"]
[Result "1/2-1/2"]
[WhiteElo "2396"]
[BlackElo "2499"]
[PlyCount "61"]
[EventDate "2010.05.27"]
[EventRounds "7"]
[EventCountry "BUL"]

1. Nf3 Nf6 2. g3 d5 3. Bg2 c6 4. O-O Bf5 5. d3 h6 6. b3 e6 7. Bb2 Be7 8. c4 O-O
9. Nbd2 Bh7 10. Qc2 Nbd7 11. a3 a5 12. Bc3 Bd6 13. Qb2 Qe7 14. Ne5 Bxe5 15.
Bxe5 Nxe5 16. Qxe5 Bg6 17. Nf3 Nd7 18. Qc3 Bh5 19. Rfc1 Bxf3 20. Bxf3 Qf6 21.
Qxf6 Nxf6 22. d4 Rfd8 23. e3 Kf8 24. c5 Ne4 25. Bg2 f5 26. f4 g6 27. Bf1 Kf7
28. Bd3 h5 29. Kg2 Rd7 30. Rc2 Rh8 31. Rh1 1/2-1/2

[Event "Men Ch GroupA r_6"]
[Site "Albena BUL"]
[Date "2010.06.01"]
[Round "6.4"]
[White "Genov, Petar"]
[Black "Ilchev, Dimitar"]
[Result "1-0"]
[WhiteElo "2438"]
[BlackElo "2043"]
[PlyCount "53"]
[EventDate "2010.05.27"]
[EventRounds "7"]
[EventCountry "BUL"]

1. d4 d5 2. c4 e6 3. Nf3 Nf6 4. Nc3 c6 5. Bg5 Be7 6. e3 Nbd7 7. Qc2 O-O 8.
O-O-O Re8 9. h4 Qa5 10. Nd2 Qb6 11. Bf4 Qa5 12. Bd3 Nf8 13. g4 Nxg4 14. Nb3 Qd8
15. Rdg1 e5 16. dxe5 dxc4 17. Bxc4 Ng6 18. e6 f5 19. Qxf5 Nxf2 20. Bc7 Rf8 21.
Qa5 b6 22. Bxd8 bxa5 23. Bxe7 Nxe7 24. Rh2 h5 25. Nxa5 Rf6 26. Nxc6 Kf8 27.
Nxe7 1-0

[Event "Men Ch GroupA r_6"]
[Site "Albena BUL"]
[Date "2010.06.01"]
[Round "6.4"]
[White "Rahnev, Alexander"]
[Black "Berbatov, Kiprian"]
[Result "1/2-1/2"]
[WhiteElo "2125"]
[BlackElo "2471"]
[PlyCount "56"]
[EventDate "2010.05.27"]
[EventRounds "7"]
[EventCountry "BUL"]

1. d4 Nf6 2. Nf3 g6 3. Nc3 d5 4. Bg5 Nbd7 5. e3 Bg7 6. Be2 c6 7. O-O O-O 8. Rb1
Re8 9. Re1 e5 10. b4 e4 11. Nd2 Nf8 12. Na4 Ne6 13. Bh4 b5 14. Nc5 a5 15. a3
Nxc5 16. bxc5 a4 17. f3 exf3 18. Bxf3 Bh6 19. Nf1 g5 20. Bf2 g4 21. Bh4 gxf3
22. Qxf3 Bg7 23. Ng3 Re4 24. Nxe4 dxe4 25. Qf4 Be6 26. Rf1 Nd5 27. Qxe4 Nc3 28.
Qd3 Qxh4 1/2-1/2

[Event "Men Ch GroupA r_6"]
[Site "Albena BUL"]
[Date "2010.06.01"]
[Round "6.4"]
[White "Ivanov, Jordan"]
[Black "Dimitrov, Marin"]
[Result "1/2-1/2"]
[WhiteElo "2429"]
[BlackElo "2097"]
[PlyCount "61"]
[EventDate "2010.05.27"]
[EventRounds "7"]
[EventCountry "BUL"]

1. d4 Nf6 2. c4 g6 3. Nc3 Bg7 4. e4 d6 5. h3 O-O 6. Nf3 e5 7. d5 a5 8. g4 Na6
9. Be3 Nc5 10. Nd2 Ne8 11. Rg1 Kh8 12. g5 f5 13. h4 f4 14. Bxc5 dxc5 15. h5 Rf7
16. hxg6 hxg6 17. Nf3 Kg8 18. Qb3 Nd6 19. O-O-O Qe8 20. Re1 Bf8 21. Rh1 Rh7 22.
Rxh7 Kxh7 23. Nb5 Qe7 24. Nxd6 cxd6 25. Bh3 a4 26. Qd1 Bxh3 27. Rh1 Qd7 28. Qf1
b5 29. cxb5 Kg7 30. Qxh3 Qxh3 31. Rxh3 1/2-1/2

[Event "Men Ch GroupA r_7"]
[Site "Albena BUL"]
[Date "2010.06.02"]
[Round "7.1"]
[White "Dimitrov, Marin"]
[Black "Bojkov, Dejan"]
[Result "0-1"]
[WhiteElo "2097"]
[BlackElo "2542"]
[PlyCount "78"]
[EventDate "2010.05.27"]
[EventRounds "7"]
[EventCountry "BUL"]

1. d4 Nf6 2. c4 g6 3. Nc3 Bg7 4. e4 d6 5. Be2 O-O 6. Bg5 Na6 7. Qd2 e5 8. d5 c6
9. f3 cxd5 10. cxd5 Bd7 11. h4 Qb6 12. g4 h5 13. Be3 Nc5 14. g5 Nh7 15. Nh3 f6
16. O-O-O Rac8 17. gxf6 Rxf6 18. Nf2 Qa5 19. Kb1 a6 20. Nd3 Nxd3 21. Qxd3 b5
22. a3 Qd8 23. Rc1 Rf7 24. Rcg1 Nf8 25. Qd2 Kh7 26. Na2 a5 27. Nc1 Be8 28. Nd3
Rb7 29. b4 Ra8 30. Kb2 Nd7 31. Nf2 Nb6 32. Bxb6 Qxb6 33. Nh3 axb4 34. Ng5+ Kg8
35. axb4 Rba7 36. Ra1 Bf6 37. Rhc1 Qf2 38. Rxa7 Qxa7 39. Kb1 Qa1+ 0-1

[Event "Men Ch GroupA r_7"]
[Site "Albena BUL"]
[Date "2010.06.02"]
[Round "7.1"]
[White "Ilchev, Dimitar"]
[Black "Nikolov, Momchil"]
[Result "0-1"]
[WhiteElo "2043"]
[BlackElo "2553"]
[PlyCount "108"]
[EventDate "2010.05.27"]
[EventRounds "7"]
[EventCountry "BUL"]

1. c4 Nf6 2. Nc3 e6 3. Nf3 d5 4. cxd5 exd5 5. d4 c6 6. Qc2 Be7 7. Bg5 g6 8. e3
Bf5 9. Bd3 Bxd3 10. Qxd3 Nbd7 11. O-O O-O 12. Rab1 a5 13. Qc2 Re8 14. Rfc1 Nb6
15. Bxf6 Bxf6 16. Na4 Nc4 17. Nc5 Qe7 18. Qd1 Bg7 19. b3 Nd6 20. Qc2 h5 21. Nd3
g5 22. Nd2 g4 23. a3 h4 24. Nf1 Qg5 25. b4 Nc4 26. Ra1 g3 27. hxg3 hxg3 28. f4
Qh4 29. Ne5 Bxe5 30. fxe5 Kg7 31. Qf5 Rh8 32. Qf6+ Qxf6 33. exf6+ Kxf6 34. Nxg3
Nxe3 35. Kf2 Nc4 36. Re1 Rh4 37. Ne2 a4 38. Red1 Nd6 39. Rd3 Ne4+ 40. Kf3 Rg8
41. Rg1 Rg5 42. g3 Rf5+ 43. Nf4 Nxg3 44. Kxg3 Rhxf4 45. Rh1 Rf1 46. Rh8 Rg5+
47. Kh2 Rf2+ 48. Kh1 Rf4 49. Kh2 Rgg4 50. Rb8 Rxd4 51. Rxd4 Rxd4 52. Rxb7 Rd3
53. Rb6 Ke5 54. Rxc6 Rxa3 0-1

[Event "Men Ch GroupA r_7"]
[Site "Albena BUL"]
[Date "2010.06.02"]
[Round "7.1"]
[White "Iotov, Valentin"]
[Black "Lalev, Dimitar"]
[Result "1-0"]
[WhiteElo "2569"]
[BlackElo "2396"]
[PlyCount "45"]
[EventDate "2010.05.27"]
[EventRounds "7"]
[EventCountry "BUL"]

1. d4 Nf6 2. c4 e6 3. Nf3 Bb4+ 4. Nbd2 b6 5. a3 Bxd2+ 6. Qxd2 Bb7 7. e3 d6 8.
Be2 Ne4 9. Qc2 Nd7 10. O-O O-O 11. b4 f5 12. d5 e5 13. Ne1 Qe7 14. Bb2 c6 15.
f3 Ng5 16. f4 Ne4 17. Rd1 exf4 18. dxc6 Bxc6 19. exf4 Ndf6 20. Nf3 Bb7 21. Nd4
Ng4 22. Nxf5 Rxf5 23. Bxg4 1-0

[Event "Men Ch GroupA r_7"]
[Site "Albena BUL"]
[Date "2010.06.02"]
[Round "7.1"]
[White "Petrov, Marijan"]
[Black "Rahnev, Alexander"]
[Result "1-0"]
[WhiteElo "2545"]
[BlackElo "2125"]
[PlyCount "45"]
[EventDate "2010.05.27"]
[EventRounds "7"]
[EventCountry "BUL"]

1. e4 e5 2. Nf3 Nc6 3. Nc3 d6 4. d4 Bg4 5. Bb5 exd4 6. Qxd4 a6 7. Bxc6+ bxc6 8.
Bg5 Qb8 9. O-O-O Qa7 10. Qa4 Bd7 11. Rhe1 f6 12. e5 O-O-O 13. e6 Be8 14. Be3
Qb7 15. Nd2 c5 16. Qg4 Ne7 17. Nb3 f5 18. Qh3 c6 19. Bf4 c4 20. Nd2 d5 21. Na4
Qb4 22. Qe3 Ng6 23. Qa7 1-0

[Event "Men Ch GroupA r_7"]
[Site "Albena BUL"]
[Date "2010.06.02"]
[Round "7.1"]
[White "Simeonov, Stefan"]
[Black "Delchev, Aleksander"]
[Result "0-1"]
[WhiteElo "2373"]
[BlackElo "2625"]
[PlyCount "98"]
[EventDate "2010.05.27"]
[EventRounds "7"]
[EventCountry "BUL"]

1. e4 c5 2. Nf3 e6 3. d4 cxd4 4. Nxd4 a6 5. Nc3 Qc7 6. g3 Bb4 7. Qd2 Nf6 8. Bg2
Nc6 9. a3 Be7 10. O-O O-O 11. Kh1 d6 12. b3 Nxd4 13. Qxd4 b5 14. Bb2 Bb7 15.
Rac1 Rac8 16. Nd1 e5 17. Qd3 Nd7 18. Nc3 Nb6 19. Rcd1 Rfd8 20. Qe3 Qc5 21. Qe2
a5 22. Rd2 b4 23. axb4 axb4 24. Nd5 Nxd5 25. exd5 Ra8 26. Re1 Ra2 27. Bd4 Qc7
28. Be3 Ba6 29. Qg4 Qc3 30. h4 Bc8 31. Qe2 Ba6 32. Qg4 Bc8 33. Qe2 f5 34. Bd4
Qc7 35. f4 Ba6 36. Qe3 exd4 37. Qxe7 Qxe7 38. Rxe7 d3 39. Rc7 Re8 40. Bf3 Re2
41. Rd1 dxc2 42. Rc1 Rf2 43. Bg2 Bd3 44. Kg1 Rd2 45. Bf3 Rb2 46. Re1 Rb1 47.
Rc8+ Kf7 48. Rce8 Rxe1+ 49. Rxe1 Be4 0-1

[Event "Men Ch GroupA r_7"]
[Site "Albena BUL"]
[Date "2010.06.02"]
[Round "7.2"]
[White "Ivanov, Jordan"]
[Black "Dobrev, Nanko"]
[Result "1/2-1/2"]
[WhiteElo "2429"]
[BlackElo "2396"]
[PlyCount "59"]
[EventDate "2010.05.27"]
[EventRounds "7"]
[EventCountry "BUL"]

1. d4 d5 2. Nf3 Nf6 3. c4 e6 4. Nc3 Be7 5. Bg5 O-O 6. e3 h6 7. Bxf6 Bxf6 8. Rc1
c6 9. Bd3 dxc4 10. Bxc4 Nd7 11. O-O e5 12. h3 exd4 13. exd4 Nb6 14. Bb3 Bf5 15.
Re1 Qd7 16. Qd2 Rfe8 17. Qf4 Rxe1+ 18. Rxe1 Nd5 19. Bxd5 cxd5 20. Ne5 Bxe5 21.
Rxe5 Be6 22. Re3 f6 23. Ne2 Bf7 24. Kh2 Rc8 25. Rg3 Kf8 26. Rc3 Kg8 27. Rg3 Kf8
28. Rc3 Kg8 29. Rg3 Kf8 30. Rc3 1/2-1/2

[Event "Men Ch GroupA r_7"]
[Site "Albena BUL"]
[Date "2010.06.02"]
[Round "7.2"]
[White "Milchev, Nikolay"]
[Black "Andonov, Bogomil"]
[Result "1-0"]
[WhiteElo "2354"]
[BlackElo "2309"]
[PlyCount "49"]
[EventDate "2010.05.27"]
[EventRounds "7"]
[EventCountry "BUL"]

1. d4 e6 2. c4 Nf6 3. Nc3 Bb4 4. Bg5 O-O 5. Nf3 h6 6. Bh4 d5 7. e3 c5 8. cxd5
Qxd5 9. Bxf6 gxf6 10. Be2 cxd4 11. exd4 Bxc3+ 12. bxc3 Nc6 13. O-O e5 14. Rb1
Bf5 15. Rxb7 Qxa2 16. d5 Rad8 17. c4 e4 18. Nh4 Bh7 19. Re1 Ne5 20. Qd4 Rd7 21.
Rxd7 Nxd7 22. c5 Rc8 23. c6 Nf8 24. Bg4 e3 25. Qxe3 1-0

[Event "Men Ch GroupA r_7"]
[Site "Albena BUL"]
[Date "2010.06.02"]
[Round "7.2"]
[White "Mrdja, Milan"]
[Black "Genov, Petar"]
[Result "1/2-1/2"]
[WhiteElo "2383"]
[BlackElo "2438"]
[PlyCount "63"]
[EventDate "2010.05.27"]
[EventRounds "7"]
[EventCountry "BUL"]

1. e4 e6 2. Nf3 d5 3. Nc3 dxe4 4. Nxe4 c5 5. Bb5+ Bd7 6. Bxd7+ Qxd7 7. d4 cxd4
8. Qxd4 Qxd4 9. Nxd4 a6 10. c4 Nd7 11. Be3 Ngf6 12. Nxf6+ Nxf6 13. f3 Rc8 14.
b3 Bc5 15. Ke2 Ke7 16. Rhd1 Rhd8 17. a4 a5 18. Rd3 Nd7 19. Rad1 b6 20. f4 f6
21. Bc1 Bxd4 22. Rxd4 Nc5 23. Ba3 Rxd4 24. Rxd4 Rd8 25. Ke3 Rxd4 26. Kxd4 Kd6
27. b4 axb4 28. Bxb4 Kc6 29. Bxc5 bxc5+ 30. Ke4 Kb6 31. f5 exf5+ 32. Kd5
1/2-1/2

[Event "Men Ch GroupA r_7"]
[Site "Albena BUL"]
[Date "2010.06.02"]
[Round "7.2"]
[White "Petkov, Vladimir"]
[Black "Ninov, Nikolai"]
[Result "1/2-1/2"]
[WhiteElo "2498"]
[BlackElo "2524"]
[PlyCount "61"]
[EventDate "2010.05.27"]
[EventRounds "7"]
[EventCountry "BUL"]

1. d4 d5 2. c4 e6 3. Nc3 Nf6 4. cxd5 exd5 5. Bg5 Be7 6. e3 O-O 7. Bd3 Nbd7 8.
Nf3 c6 9. Qc2 Re8 10. O-O Nf8 11. Ne5 Ng4 12. Bxe7 Qxe7 13. Nxg4 Bxg4 14. Rab1
a5 15. Rfc1 Bh5 16. Ne2 Bg6 17. Nf4 Bxd3 18. Nxd3 Ne6 19. Nc5 Nxc5 20. Qxc5
Qxc5 21. Rxc5 Kf8 22. Rbc1 Ke7 23. Kf1 Kd6 24. Ke2 Ra6 25. Kd3 h5 26. h4 Re4
27. g3 f5 28. R5c2 Ra8 29. Rc5 g6 30. R5c2 Re7 31. Rc3 1/2-1/2

[Event "Men Ch GroupA r_7"]
[Site "Albena BUL"]
[Date "2010.06.02"]
[Round "7.2"]
[White "Popchev, Milko"]
[Black "Drenchev, Petar"]
[Result "1/2-1/2"]
[WhiteElo "2499"]
[BlackElo "2492"]
[PlyCount "69"]
[EventDate "2010.05.27"]
[EventRounds "7"]
[EventCountry "BUL"]

1. Nf3 d5 2. g3 c6 3. Bg2 Nf6 4. O-O Bf5 5. b3 h6 6. Bb2 e6 7. c4 Be7 8. d4
Nbd7 9. Nc3 O-O 10. Nd2 Qb6 11. e4 Nxe4 12. Ndxe4 dxe4 13. Nxe4 Rad8 14. Nc3
Bf6 15. Na4 Qc7 16. Qe2 Nb6 17. Nxb6 axb6 18. Rfd1 Rd7 19. Rd2 Rfd8 20. Rad1
Rd6 21. h3 Bg6 22. h4 R6d7 23. Bf3 Qb8 24. Kg2 Qa7 25. Bc3 Qa3 26. Qe3 b5 27.
cxb5 cxb5 28. d5 Bxc3 29. Qxc3 exd5 30. Rxd5 Rxd5 31. Rxd5 Rxd5 32. Bxd5 Qxa2
33. Bxb7 Qc2 34. Qxc2 Bxc2 35. b4 1/2-1/2

[Event "Men Ch GroupA r_7"]
[Site "Albena BUL"]
[Date "2010.06.02"]
[Round "7.2"]
[White "Todorov, Ognjan"]
[Black "Popov, Luben"]
[Result "1/2-1/2"]
[WhiteElo "2303"]
[BlackElo "2317"]
[PlyCount "61"]
[EventDate "2010.05.27"]
[EventRounds "7"]
[EventCountry "BUL"]

1. Nf3 c5 2. c4 Nc6 3. d4 cxd4 4. Nxd4 g6 5. e4 Bg7 6. Be3 d6 7. Nc3 Nh6 8. Be2
O-O 9. O-O f5 10. Bxh6 Bxh6 11. exf5 gxf5 12. Bf3 Nxd4 13. Qxd4 Bg7 14. Qd3 Kh8
15. Rac1 Bd7 16. b3 Bc6 17. Nd5 e5 18. Be2 e4 19. Qh3 Bxd5 20. cxd5 Qd7 21. a4
Rac8 22. Rxc8 Qxc8 23. Bc4 f4 24. Qxc8 Rxc8 25. Re1 Re8 26. Bd3 e3 27. Bc4
exf2+ 28. Kxf2 Rxe1 29. Kxe1 a5 30. Ke2 Be5 31. Kf3 1/2-1/2

[Event "Men Ch GroupA r_7"]
[Site "Albena BUL"]
[Date "2010.06.02"]
[Round "7.3"]
[White "Kolev, Atanas"]
[Black "Mishev, Liubomir"]
[Result "1-0"]
[WhiteElo "2580"]
[BlackElo "2189"]
[PlyCount "79"]
[EventDate "2010.05.27"]
[EventRounds "7"]
[EventCountry "BUL"]

1. d4 Nf6 2. Nf3 g6 3. Bg5 Bg7 4. Nbd2 h6 5. Bh4 d6 6. c3 O-O 7. e4 b6 8. Bd3
a6 9. O-O c5 10. Re1 Ra7 11. Bf1 Re8 12. a4 cxd4 13. cxd4 Nc6 14. Rc1 Nb4 15.
Qb3 a5 16. Bc4 d5 17. Bb5 Rf8 18. e5 Ne8 19. Nb1 Nc7 20. Na3 Bf5 21. Bf1 Bd7
22. Nb1 Qe8 23. Nc3 Bc6 24. h3 Qd7 25. Qd1 e6 26. Nh2 Rb8 27. Ng4 g5 28. Bg3
Qe7 29. Qf3 Rc8 30. Nf6+ Kf8 31. h4 Ne8 32. hxg5 hxg5 33. Nb5 Raa8 34. Nd6 Nxd6
35. Nh7+ Kg8 36. exd6 Qd8 37. Qh5 Bxa4 38. Be5 Bc2 39. Rxc2 Nxc2 40. Nxg5 1-0

[Event "Men Ch GroupA r_7"]
[Site "Albena BUL"]
[Date "2010.06.02"]
[Round "7.3"]
[White "Kolev, Atanas Tonchev"]
[Black "Georgiev, Kiril"]
[Result "0-1"]
[WhiteElo "2038"]
[BlackElo "2662"]
[PlyCount "50"]
[EventDate "2010.05.27"]
[EventRounds "7"]
[EventCountry "BUL"]

1. d4 Nf6 2. c4 g6 3. Nc3 d5 4. cxd5 Nxd5 5. e4 Nxc3 6. bxc3 Bg7 7. Nf3 c5 8.
Rb1 O-O 9. Be2 b6 10. O-O Bb7 11. Qc2 e6 12. dxc5 Qc7 13. Be3 Nd7 14. cxb6 axb6
15. Bb5 Nc5 16. Nd2 Rfd8 17. f3 Be5 18. f4 Bg7 19. e5 f6 20. exf6 Bxf6 21. Rbd1
Kh8 22. Bd4 Bxd4+ 23. cxd4 Rxd4 24. Qc3 Qg7 25. Nb3 Rxa2 0-1

[Event "Men Ch GroupA r_7"]
[Site "Albena BUL"]
[Date "2010.06.02"]
[Round "7.3"]
[White "Lupulescu, Constantin"]
[Black "Badev, Kiril"]
[Result "1-0"]
[WhiteElo "2593"]
[BlackElo "2348"]
[PlyCount "31"]
[EventDate "2010.05.27"]
[EventRounds "7"]
[EventCountry "BUL"]

1. e4 e6 2. d4 d5 3. Nd2 c5 4. Ngf3 Nc6 5. exd5 exd5 6. Bb5 a6 7. Bxc6+ bxc6 8.
O-O cxd4 9. Re1+ Be7 10. Nb3 Nf6 11. Nfxd4 Qd6 12. Qe2 c5 13. Bf4 Qd7 14. Nxc5
Qa7 15. Nc6 Qxc5 16. b4 1-0

[Event "Men Ch GroupA r_7"]
[Site "Albena BUL"]
[Date "2010.06.02"]
[Round "7.3"]
[White "Panajotov, Janko"]
[Black "Rusev, Krasimir"]
[Result "0-1"]
[WhiteElo "2192"]
[BlackElo "2553"]
[PlyCount "58"]
[EventDate "2010.05.27"]
[EventRounds "7"]
[EventCountry "BUL"]

1. e4 c5 2. Nf3 d6 3. d4 Nf6 4. Nc3 cxd4 5. Nxd4 Nc6 6. Bg5 Bd7 7. Be2 e6 8.
O-O a6 9. Kh1 Be7 10. Nb3 Qc7 11. Qd2 h6 12. Be3 b5 13. a3 Ne5 14. f4 Nc4 15.
Qc1 O-O 16. Bd3 Rac8 17. Ne2 Bc6 18. Ng3 Ba8 19. c3 Rfe8 20. Bg1 h5 21. Re1 h4
22. Nf1 h3 23. Ng3 e5 24. fxe5 hxg2+ 25. Kxg2 Nxe5 26. Bc2 d5 27. Nd2 Bc5 28.
Bxc5 Qxc5 29. h3 Ng6 0-1

[Event "Men Ch GroupA r_7"]
[Site "Albena BUL"]
[Date "2010.06.02"]
[Round "7.3"]
[White "Stoinev, Metodi"]
[Black "Spasov, Vasil"]
[Result "0-1"]
[WhiteElo "2295"]
[BlackElo "2605"]
[PlyCount "56"]
[EventDate "2010.05.27"]
[EventRounds "7"]
[EventCountry "BUL"]

1. e4 c5 2. Nf3 Nc6 3. d4 cxd4 4. Nxd4 Nf6 5. Nc3 e5 6. Ndb5 d6 7. Bg5 a6 8.
Na3 b5 9. Nd5 Be7 10. Bxf6 Bxf6 11. c3 O-O 12. Nc2 Bg5 13. a4 bxa4 14. Rxa4 a5
15. Bb5 Ne7 16. Ncb4 Bh3 17. Nxe7+ Qxe7 18. Nd5 Qb7 19. gxh3 Qxb5 20. Rg1 Bd8
21. Ra2 Kh8 22. Qa4 Qd3 23. Rg3 Qb1+ 24. Ke2 Rb8 25. b3 f5 26. Rd2 Bh4 27. exf5
Bxg3 28. hxg3 Qxf5 0-1

[Event "Men Ch GroupA r_7"]
[Site "Albena BUL"]
[Date "2010.06.02"]
[Round "7.4"]
[White "Dichev, Nedelcho"]
[Black "Spassov, Liuben"]
[Result "0-1"]
[WhiteElo "2175"]
[BlackElo "2421"]
[PlyCount "108"]
[EventDate "2010.05.27"]
[EventRounds "7"]
[EventCountry "BUL"]

1. c4 c5 2. Nc3 Nf6 3. g3 e6 4. Nf3 b6 5. Bg2 Bb7 6. O-O Be7 7. b3 O-O 8. Bb2
d6 9. d3 a6 10. e4 Qc7 11. Rc1 Nc6 12. d4 cxd4 13. Nxd4 Nb8 14. f4 Re8 15. g4
g6 16. h3 Nbd7 17. Nde2 Bf8 18. g5 Nh5 19. Bf3 Ng7 20. Kg2 Be7 21. Ng3 f6 22.
h4 Rf8 23. Qd2 Rf7 24. gxf6 Nxf6 25. f5 Raf8 26. fxe6 Nxe6 27. Nd5 Qd8 28. Qc3
Nc5 29. e5 dxe5 30. Rcd1 Bd6 31. b4 Nxd5 32. Bxd5 Bxd5+ 33. cxd5 Na4 34. Qb3
Nxb2 35. Qxb2 Qxh4 36. Rxf7 Rxf7 37. Rh1 Qxb4 38. Qxb4 Bxb4 39. Rd1 Kf8 40. Rc1
Bc5 41. Ne4 Rc7 42. Ng5 Ke7 43. Kf3 Kd6 44. Ke4 h6 45. Ne6 Rf7 46. a4 a5 47.
Rh1 h5 48. Rb1 Rf2 49. Rb5 Re2+ 50. Kd3 Re3+ 51. Kd2 Rg3 52. Nxc5 bxc5 53. Rxa5
Kxd5 54. Ra8 Ra3 0-1

[Event "Men Ch GroupA r_7"]
[Site "Albena BUL"]
[Date "2010.06.02"]
[Round "7.4"]
[White "Kozhuharov, Spas"]
[Black "Manolov, Ivan"]
[Result "1-0"]
[WhiteElo "2404"]
[BlackElo "2266"]
[PlyCount "95"]
[EventDate "2010.05.27"]
[EventRounds "7"]
[EventCountry "BUL"]

1. d4 Nf6 2. c4 c5 3. d5 e5 4. Nc3 d6 5. e4 Be7 6. Nf3 Nbd7 7. Be2 O-O 8. O-O
Ne8 9. a3 g6 10. Bh6 Ng7 11. Qd2 Nf6 12. Ne1 Kh8 13. Nd3 Ng8 14. Be3 f5 15. f4
exf4 16. Bxf4 fxe4 17. Nxe4 Nf6 18. Ndf2 Nf5 19. Rae1 Nd4 20. Nxf6 Bxf6 21. Ne4
Be7 22. Bd3 Bf5 23. Bh6 Re8 24. Ng5 Bxg5 25. Bxg5 Qd7 26. Bf6+ Kg8 27. Bxd4
Bxd3 28. Qxd3 cxd4 29. Qxd4 Rxe1 30. Rxe1 Re8 31. Re4 Rxe4 32. Qxe4 b6 33. b4
Qc7 34. Kf2 Kg7 35. Ke3 h6 36. Kd3 Kh7 37. Qe6 h5 38. h3 a5 39. g4 hxg4 40.
hxg4 axb4 41. axb4 Kh6 42. Qe3+ Kh7 43. g5 Qf7 44. Kc3 Qg7+ 45. Kb3 Qa1 46.
Qh3+ Kg8 47. Qe6+ Kf8 48. Qf6+ 1-0

[Event "Men Ch GroupA r_7"]
[Site "Albena BUL"]
[Date "2010.06.02"]
[Round "7.4"]
[White "Lilov, Valeri"]
[Black "Grigorov, Grigor"]
[Result "1/2-1/2"]
[WhiteElo "2415"]
[BlackElo "2501"]
[PlyCount "66"]
[EventDate "2010.05.27"]
[EventRounds "7"]
[EventCountry "BUL"]

1. d4 Nf6 2. Nf3 e6 3. Bg5 c5 4. e3 cxd4 5. exd4 Qb6 6. Qc1 Nc6 7. c3 d5 8. Bd3
Bd7 9. Nbd2 Be7 10. O-O Rc8 11. Qb1 h6 12. Bh4 O-O 13. Ne5 Nxe5 14. dxe5 Ne4
15. Nxe4 Bxh4 16. Nd2 Bb5 17. Nf3 Bxd3 18. Qxd3 Be7 19. Rab1 Rfd8 20. Kh1 Qc7
21. Rbe1 Qc4 22. Qxc4 Rxc4 23. Nd4 Bc5 24. Nb3 Bb6 25. g3 a5 26. a3 a4 27. Nd2
Rcc8 28. Nf3 d4 29. Nxd4 Bxd4 30. cxd4 Rxd4 31. Re2 b5 32. f4 h5 33. Rff2 b4
1/2-1/2

[Event "Men Ch GroupA r_7"]
[Site "Albena BUL"]
[Date "2010.06.02"]
[Round "7.4"]
[White "Panbukchian, Valentin"]
[Black "Zhekov, Zhivko"]
[Result "1-0"]
[WhiteElo "2381"]
[BlackElo "2151"]
[PlyCount "73"]
[EventDate "2010.05.27"]
[EventRounds "7"]
[EventCountry "BUL"]

1. f4 d5 2. Nf3 c5 3. g3 Nf6 4. Bg2 Nc6 5. O-O Bg4 6. Ne5 e6 7. c4 Be7 8. Nc3
Bf5 9. Qa4 Rc8 10. d3 O-O 11. Nxc6 bxc6 12. cxd5 cxd5 13. e4 dxe4 14. dxe4 Qd4+
15. Qxd4 cxd4 16. exf5 dxc3 17. fxe6 fxe6 18. Bh3 Kf7 19. Re1 Bc5+ 20. Kg2 Rfe8
21. bxc3 Bb6 22. Bd2 Nd5 23. Re5 Bc7 24. Bxe6+ Rxe6 25. Rxd5 Re2+ 26. Kh3 Bb6
27. Re1 Rce8 28. Rd7+ Kf6 29. Rxe2 Rxe2 30. c4 Bg1 31. Bc3+ Kf5 32. Rd5+ Kg6
33. Rd2 Rxd2 34. Bxd2 Kf5 35. Kg2 Bc5 36. Kf3 h5 37. h3 1-0

[Event "Men Ch GroupA r_7"]
[Site "Albena BUL"]
[Date "2010.06.02"]
[Round "7.4"]
[White "Radulski, Julian"]
[Black "Vasilev, Milen"]
[Result "1-0"]
[WhiteElo "2593"]
[BlackElo "2468"]
[PlyCount "91"]
[EventDate "2010.05.27"]
[EventRounds "7"]
[EventCountry "BUL"]

1. e4 e5 2. Nf3 Nc6 3. Bb5 Nf6 4. d4 Nxd4 5. Nxd4 exd4 6. Qxd4 a6 7. Bd3 d5 8.
e5 c5 9. Qf4 Ng8 10. Nc3 Ne7 11. O-O Be6 12. Qg3 c4 13. Be2 Qc7 14. Rd1 Rd8 15.
Bg5 h6 16. Bxe7 Qxe7 17. Bf3 Qc5 18. Ne2 g5 19. Nd4 Bg7 20. Bg4 Qc8 21. Bxe6
fxe6 22. h4 Kf7 23. hxg5 hxg5 24. Nf3 Rdg8 25. Qg4 Bh6 26. b3 cxb3 27. cxb3 Qc7
28. Rac1 Qe7 29. Rc3 Rc8 30. Rdc1 Rxc3 31. Rxc3 Kg6 32. g3 Rf8 33. Kg2 Qf7 34.
Rc2 Re8 35. Rc1 Rf8 36. Rf1 Kh7 37. Nd4 Re8 38. Rc1 Rf8 39. Rc2 Re8 40. Rc3 Qe7
41. Rf3 Bg7 42. Qh5+ Kg8 43. Qg6 Rf8 44. Rxf8+ Kxf8 45. Nxe6+ Kg8 46. f4 1-0